MLP- L'hiver s'enfuit - Statistiques

Statistiques générales
  • Ce quiz a été pris 6 fois
  • Le résultat moyen est 257 sur 416
Statistiques - réponses
Answers % Correct
a
100%
à
100%
A
100%
ma
100%
au
80%
ce
80%
Dans
80%
dans
80%
de
80%
De
80%
Depuis
80%
en
80%
Il
80%
il
80%
Je
80%
je
80%
le
80%
l'hiver
80%
L'hiver
80%
Mais
80%
me
80%
mon
80%
ne
80%
nous
80%
Nous
80%
On
80%
pour
80%
Pour
80%
printemps
80%
rien
80%
s'enfuit
80%
si
80%
vous
80%
aider?
60%
aider
60%
bien
60%
Bientôt
60%
Ca
60%
C'est
60%
Comment
60%
comment
60%
d'autre
60%
Des
60%
des
60%
d'eux
60%
difficile
60%
du
60%
Et
60%
et
60%
faire
60%
Faire
60%
ferai
60%
froid
60%
glace
60%
ils
60%
joie
60%
La
60%
la
60%
60%
les
60%
l'une
60%
même
60%
mieux
60%
mois
60%
monde
60%
neige
60%
Ou
60%
par
60%
prouver
60%
Que
60%
que
60%
qui
60%
Qui
60%
sera
60%
suis
60%
Tout
60%
tout
60%
tracasse
60%
travail
60%
trois
60%
un
60%
veux
60%
Voilà
60%
accueillons
40%
amis
40%
angoisse
40%
apprentissage
40%
avec
40%
beaucoup
40%
bottines
40%
carottes
40%
céleri
40%
centaines
40%
chacun
40%
chaud
40%
cieux
40%
coeur
40%
connais
40%
content
40%
créatures
40%
Cultiver
40%
Déblayer
40%
d'efforts
40%
Dehors
40%
demande
40%
Doucement
40%
Eclaircir
40%
est
40%
exigeant
40%
fait
40%
faut
40%
finissent
40%
fleurs
40%
fruits
40%
graines
40%
hibernent
40%
j'adore
40%
leur
40%
leurs
40%
magie
40%
magiques
40%
maisons
40%
mes
40%
migré
40%
missions
40%
mode
40%
mur
40%
nature
40%
Nos
40%
nos
40%
nourriture
40%
obscurs
40%
oiseaux
40%
ont
40%
ouvrage?
40%
passée
40%
patience
40%
perdue
40%
perfection
40%
petites
40%
peut
40%
pied
40%
place?
40%
Pommes
40%
pousser
40%
pouvoirs
40%
ptits
40%
puis-je
40%
qu'arrive
40%
Quel
40%
rassemblons
40%
réchauffe
40%
réveillons
40%
sabots
40%
s'activer
40%
sans
40%
sens
40%
s'éveille
40%
Soignons
40%
soleil
40%
sont
40%
Sous
40%
sud
40%
taches
40%
terre
40%
tous
40%
Tous
40%
toutes
40%
Tranquillement
40%
tranquillité
40%
travailler
40%
très
40%
trop
40%
troublent
40%
trouver
40%
vacances
40%
viennent
40%
vivons
40%
Voici
40%
Maintenant
20%
Rappeler
20%
Aucun quiz correspondant
Distribution des résultats
% des personnes avec chaque résultat
Percentile par nombre de réponses
Votre historique - résultats
Vous n’avez pas pris ce quiz